000 nam a22 a 4500
999 _c667
_d667
005 20170504145300.0
008 170504s1998 my ||||| |||| 00| 0 eng d
020 _a9832033004
040 _aAKMAL
082 _a155.5 JAN
090 _a155.5
_bJAN
100 0 0 _aJanathan Kandok
_91436
245 1 0 _aCemerlang peperiksaan /
_cJanathan Kandok
260 _aSabah
_bSupreme Focus
_c1998
300 _aii, 53ms.
_c15cm
500 _adengan kata pengantar oleh pengarah pendidikan Sabah
650 0 _aStrategi belajar
_91437
650 0 _aCemerlang peperiksaan
_91438
942 _2ddc
_cBOOK
950 _lAKMAL